| 000 | 01448nam a22002777a 4500 | ||
|---|---|---|---|
| 999 |
_c317506 _d317506 |
||
| 001 | 31085 | ||
| 003 | UA-OsUOA | ||
| 005 | 20230504161223.0 | ||
| 007 | ta | ||
| 008 | 20041201b un ||||| |||| 00| 0 ukr d | ||
| 020 | _a5947235757 | ||
| 040 |
_aUA-OsUOA _brus _cUA-OsUOA _dUA-OsUOA |
||
| 041 | _arus | ||
| 044 | _aRU | ||
| 080 | _a32:39(075) | ||
| 090 |
_a32:39(075) _bА13 |
||
| 100 | _aАбдулатипов Р. Г. | ||
| 245 | _aЭтнополитология | ||
| 260 |
_aСПб _bПитер _c2004 |
||
| 300 | _a313 с. | ||
| 520 | 3 | _aУчебное пособие по этнополитологии рассматривает генезис этнических,этнонациональных, межэтнических, этнокультурных отношений в системе социально-политических процессов, институтов, влияние этнического и этнонационального факторов на политическую власть, идеи, политико-правовые нормы, отношения власти, деятельности политических учреждений, партий и движений в сфере этнонациональных отношений. | |
| 650 | 7 |
_a32 Політика _2UDC |
|
| 942 |
_cBK _2udc |
||
| 955 | _a2 | ||